Studying Leadeship: (Record no. 22197)
[ view plain ]
| 000 -LEADER | |
|---|---|
| fixed length control field | 00361nam a22001337a 4500 |
| 020 ## - INTERNATIONAL STANDARD BOOK NUMBER | |
| ISBN | 978-1-4462-0796-0 |
| 082 ## - DEWEY DECIMAL CLASSIFICATION NUMBER | |
| Classification number | 658.4092 |
| 100 ## - MAIN ENTRY--AUTHOR NAME | |
| Personal name | Schedlitzki, Doris |
| 245 ## - TITLE STATEMENT | |
| Title | Studying Leadeship: |
| Sub Title | Traditional & Critical Approaches |
| 260 ## - PUBLICATION, DISTRIBUTION, ETC. (IMPRINT) | |
| Place of publication | London: |
| Name of publisher | SAGE Publications, |
| Year of publication | 2014 |
| 300 ## - PHYSICAL DESCRIPTION | |
| Number of Pages | xxii, 340p.: ill.; 23cm |
| 700 ## - ADDED ENTRY--PERSONAL NAME | |
| Personal name | Edwards, Gareth |
| 942 ## - ADDED ENTRY ELEMENTS (KOHA) | |
| Koha item type | Books |
| Withdrawn status | Lost status | Damaged status | Not for loan | Collection code | Permanent Location | Current Location | Shelving location | Date acquired | Source of acquisition | Full call number | Accession Number | Price effective from | Koha item type |
|---|---|---|---|---|---|---|---|---|---|---|---|---|---|
| Non-fiction | IFM Main Campus Library | IFM Main Campus Library | Work Room processing | 01/21/2026 | Purchased | 658.4092 SCH | 0000030960 | 01/21/2026 | Books |
